000
00260nam a2200097Ia 4500
001
1210197
005
20250827024413.0
008
250824s9999 xx 000 0 und d
245
0
_a
GELDİM YOKTUN
_c
UĞUR CANBOLAT
260
_b
DESTEK YAYINLARI
999
_c
1210197
_d
1210197